=LDR 00000nam 2200000 4500 =001 INLIS000000000033252 =005 20130612135222 =008 ***********************************ind** =035 ##$$0010-061300000033252 =041 ##$$a ind =082 ##$$a 343.04 =090 ##$$a 343.04, Sof h =100 ##$$a Sofyan, Syofrin =245 ##$$a Hukum pajak dan permasalahannya, Syofrin sofyan, Asyhar hidayat; Editor, Aep gunarso =260 ##$$a 2004 $b Bandung =300 ##$$a xv,189, 23 cm =650 ##$$a Hukum Pajak =700 ##$$a Hidayat, Asyhar =850 ##$$a NBPNMAT =990 ##$$a 0001/BPAP-NTB/20142014 =990 ##$$a 0001/BPAP-NTB/2015 =990 ##$$a 0001/BPAP-NTB/2016 =990 ##$$a 75587558 =990 ##$$a 01201707558 =990 ##$$a 0001/BPAP-NTB/20142014 =990 ##$$a 0001/BPAP-NTB/2015 =990 ##$$a 0001/BPAP-NTB/2016